Una cosa bien simple (Запись № 8827725)

Подробности
000 -МАРКЕР
контрольное поле 01456nam0a22003011 4500
001 - ИДЕНТИФИКАТОР ЗАПИСИ
контрольное поле RU\NLR\INFOCOMM_190\5000050719
005 - ИДЕНТИФИКАТОР ВЕРСИИ
контрольное поле 20250613093822.0
035 ## - ДРУГИЕ СИСТЕМНЫЕ НОМЕРА
Идентификатор записи (NLR Aleph) 009224500
100 ## - ДАННЫЕ ОБЩЕЙ ОБРАБОТКИ
Данные общей обработки 20100607d1971 |||y0rusy50 ca
101 1# - ЯЗЫК РЕСУРСА
Язык текста, звукозаписи и т.д. испанский, кастильский испанский
102 ## - СТРАНА ПУБЛИКАЦИИ ИЛИ ПРОИЗВОДСТВА
Страна публикации российская федерация
105 ## - ПОЛЕ КОДИРОВАННЫХ ДАННЫХ: ТЕКСТОВЫЕ МАТЕРИАЛЫ, МОНОГРАФИЧЕСКИЕ
Кодированные данные о монографическом текстовом документе a ||||000|y
200 1# - ЗАГЛАВИЕ И СВЕДЕНИЯ ОБ ОТВЕТСТВЕННОСТИ
Основное заглавие Una cosa bien simple
Сведения, относящиеся к заглавию Novelas cortas soviéticas
Первые сведения об ответственности [Trad. por César Astor
Последующие сведения об ответственности Presentación de A. Súrikov]
210 ## - ПУБЛИКАЦИЯ, РАСПРОСТРАНЕНИЕ И ДР.
Место издания, распространения и т.д. Μ.
Имя издателя, распространителя и т. д. "Progreso"
Дата издания, распространения и т.д. [1971]
215 ## - ФИЗИЧЕСКАЯ ХАРАКТЕРИСТИКА
Специфическое обозначение материала и объем 424 с.
Другие сведения о физической характеристике портр.
Размеры 17 см
225 1# - СЕРИЯ
Основное заглавие серии Antología de la literatura rusa y soviética
327 1# - ПРИМЕЧАНИЯ О СОДЕРЖАНИИ
Текст примечания Содерж.: Lavreniov B. Una cosa bien simple.- Gorki M. El primer amor.- Tolstói A. La víbora [и др. рассказы]
464 #0 - АНАЛИТИЧЕСКИЙ УРОВЕНЬ
Встроенное поле 2001#$aUma coisa bem simples
-- 700#1$aLavrenev$bB. A.$gBoris Andreevič$f1891-1959$3RU\NLR\AUTH\770258400$4070
Заглавие Uma coisa bem simples
Автор Lavrenev, Boris Andreevič (1891-1959)
464 #0 - АНАЛИТИЧЕСКИЙ УРОВЕНЬ
Встроенное поле 2001#$aEl primer amor
-- 700#1$9z01790$aGor'kij$bM.$gMaksim$f1868-1936$4070
-- 790#1$9z01700$aGorki$bM.$4070
Заглавие El primer amor
Автор Gor'kij, Maksim (1868-1936)
464 #0 - АНАЛИТИЧЕСКИЙ УРОВЕНЬ
Встроенное поле 2001#$aLa víbora
-- 700#1$9z01790$aTolstoj$bA. N.$gAleksej Nikolaevič$f1883-1943$4070
-- 790#1$9z01700$aTolstói$bA.$4070
Заглавие La víbora
Автор Tolstoj, Aleksej Nikolaevič (1883-1943)
686 ## - ИНДЕКСЫ ДРУГИХ КЛАССИФИКАЦИЙ
Индекс Лх-рс5(исп.)
Код системы
801 #1 - ИСТОЧНИК ЗАПИСИ
Страна российская федерация
Организация NLR
Дата составления 20100607
801 #0 - ИСТОЧНИК ЗАПИСИ
Страна российская федерация
Организация NLR
Правила каталогизации PSBO
852 ## - МЕСТОНАХОЖДЕНИЕ И ШИФР ХРАНЕНИЯ
Идентификатор организации NLR
Шифр хранения (Call Number) Л31 Д-1/41
942 ## - ДОПОЛНИТЕЛЬНЫЕ ЭЛЕМЕНТЫ ЗАПИСИ (АБИС)
Тип экземпляра АБИС Книга
980 ## - КОЛЛЕКЦИЯ
Название коллекции Национальная библиография
Экземпляры
Тип экземпляра Дата поступления Библиотека постоянного хранения Библиотека текущего хранения Место хранения Шифр хранения Штрих-код Статус не для выдачи
Книга 26.10.2013 РНБ (Московский) РНБ (Московский) Иностранный книжный фонд Л31 Д-1/41 9224500-10